[Event "RUS-ch 53rd"]
[Site "Samara"]
[Date "2000.06.20"]
[Round "4"]
[White "Dvoirys, Semen I"]
[Black "Poluljahov, Aleksandr"]
[Result "1/2-1/2"]
[WhiteElo "2591"]
[BlackElo "2526"]
[Annotator "Ribli,Z"]
[PlyCount "84"]
[EventDate "2000.06.03"]
[EventType "swiss"]
[EventRounds "11"]
[EventCountry "RUS"]
[SourceTitle "CBM 078"]
[Source "ChessBase"]
[SourceDate "2000.10.18"]
[SourceVersion "1"]
[SourceVersionDate "2000.10.18"]
[SourceQuality "1"]

1. e4 c5 2. Nf3 Nc6 3. d4 cxd4 4. Nxd4 Qc7 5. Nc3 e6 6. Be3 a6 7. f4 Nxd4 {
Dieser Zug ist nicht schlecht, denn Schwarz spielt eigentlich die Variante mit
6.f4 Nxd4. Aber jetzt ist auch 7...b5 eine ganz gute Alternative.} (7... b5) 8.
Qxd4 b5 {Weiß hat - wie in vielen Varianten der Sizilianischen Verteidigung -
Entwicklungsvorteil. Andererseits verfügt Schwarz über eine elastische
Stellung und über die Möglichkeit, seine Entwicklung am weißen Aufbau
auszurichen.} 9. Be2 Bb7 10. Bf3 {Großmeister Dvoirys ist wirklich ein
Spezialist dieser Variante, dennoch halte ich den Läuferzug nicht für die
beste Fortsetzung.} (10. O-O-O) (10. O-O) 10... Rc8 11. O-O h5 {Schwarz
bereitet den Entwicklungszug 12...Nf6 vor, denn das sofortige 11...Nf6 wäre
schlecht wegen 12.e5. Der Textzug sichert Schwarz einen Vorposten für seinen
Springer auf g4.} (11... Ne7 $5 {[%cal Ge7c6]}) 12. Rad1 Nf6 {[%cal Gf6g4]} 13.
h3 (13. Kh1 Be7 14. Rd2 d6 15. a4 b4 16. Nd1 O-O 17. Nf2 e5 $36 {Nunn,
J-Andersson,U/Szirak izt/1987/CBM03/INF44,212/}) 13... h4 14. Rf2 {Seinerzeit
- 1995 - war das eine Neuerung im weißen Spiel (siehe die Anmerkung nach 15.
Qd3). Weiß bereitet die Turmverdopplung auf der d-Linie vor und verteidigt den
Pc2.} Bc5 (14... Be7 15. e5 Nh5 16. Ne4 {1/2-1/2 Sanz Alonso,F-De la Riva
Aguado,O/Spanish Teams, Salamanca ESP 1998 (16)}) 15. Qd3 (15. Qxc5 Qxc5 16.
Bxc5 Rxc5 17. Rd6 Ke7 $5 (17... b4 $6 18. Na4 Ra5 19. Rb6 Bxe4 20. Rxb4 Rb5 21.
Rc4 O-O 22. Bxe4 d5 23. Bxd5 exd5 24. Rd4 $16 {1-0 Dvoirys,S-Tregubov,P/Russia
1995 (55)}) (17... Bc6 $5 18. e5 Nh5 19. Bxc6 Rxc6 20. Rxc6 (20. Rd4 Ke7 21.
Ne4 f6 22. Rfd2 Rc7 23. Nc5 Rhc8 24. b4 a5 25. Rxd7+ Rxd7 26. Rxd7+ Ke8 27.
exf6 Nxf6 28. Ra7 axb4 29. Nxe6 g6 30. Rc7 Ra8 {0-1 Ulibin,M-Landa,K/Omsk/Perm
1998/EXT 2000 (55)}) 20... dxc6 21. Ne4 Ke7 22. Kf1 Rd8 23. Ke2 f6 24. exf6+
gxf6) 18. Rb6 Bc6 19. Rxa6 Nh5 $5 20. Bxh5 Rhxh5 21. a4 $5 bxa4 22. Nxa4 Rc4
23. Nc3 Bxe4 {1/2-1/2 Anka,E-Landa,K/Balatonbereny 1995/CBM 50/[Ribli] (51)})
15... Bxe3 16. Qxe3 b4 {Damit beginnt das schwarze Gegenspiel - er verjagt den
Springer von c3.} (16... O-O $6 17. e5 $14 Bxf3 18. Qxf3 Ne8 19. Rfd2 $14 b4
20. Ne4 f6 21. Qh5 {1-0 Dvoirys,S-Gritsak,O/Koszalin 1999/CBM 73/[Ribli] (42)})
(16... Qc5 17. Qd3 e5 18. fxe5 Qxe5 19. Qd6 Qxd6 20. Rxd6 Rc6 21. Rd4 Rc4 22.
Rxc4 bxc4 23. e5 Bxf3 24. Rxf3 Nh5 25. Ne4 Ke7 26. Nd6 Ke6 {1/2-1/2 Dvoirys
S-Landa Konstantin/ Krasnoiarsk Cup 1998 (35)}) 17. Na4 O-O 18. Rd4 $146 {
[%cal Rd4b4,Gd4h4] Dvoirys hat immer eine theoretische Neuerung parat. Es
hängt der Pb4, und in einigen Varianten wird der h4P schwach.} (18. Nb6 Rcd8
19. e5 Bxf3 20. Qxf3 Ne8 21. Qe3 (21. Na4 {Tregubov,P} f6 22. Qe4 fxe5 23. fxe5
Rxf2 24. Kxf2 $14) 21... d5 22. Na4 g6 {1/2-1/2 Dvoirys,S-Tregubov,P/St.
Petersburg 1998/CBM 67/[Ribli] (45)}) 18... Bc6 $5 {[%mdl 512] Schwarz opfert
einen Bauern, bekommt dafür aber Initiative am Damenflügel.} (18... a5 19. e5
Nd5 20. Bxd5 Bxd5 21. f5 $36 {[%cal Gd4h4]}) (18... Qa5 19. Qb3 $14 {[%csl Rb4]
}) 19. Rxb4 (19. e5 $5 Nd5 (19... Bxa4 20. exf6 gxf6 21. b3 Bb5 22. Rxb4 Qc3
23. Qxc3 Rxc3 24. f5 $36) 20. Bxd5 Bxd5 21. Rxb4 $14 (21. f5 $36)) 19... Rb8
$44 {Schwarz hat aktives Figurenspiel am Damenflügel.} 20. Rd4 (20. Rxb8 Rxb8
21. b3 e5 $44 (21... Bxa4 22. e5 Nd5 23. Bxd5 exd5 24. bxa4 $14)) 20... e5 21.
fxe5 Qxe5 {[%csl Gb8,Gc6,Ge5] Die schwarzen Figuren sind gut zentralisiert.
Der weiße Na4 hingegen steht schlecht, und der Pe4 ist schwach.} 22. Qc3 (22.
b3 Rfe8 $44 {[%cal Gd7d5]}) 22... Rfc8 {[%cal Gc8c2,Gb8b2] Die Opposition von
Dame und Turm auf der c-Linie ist unangenehm für Weiß. Er muss seinen
Materialvorteil zurück geben.} 23. Rc4 (23. Nc5 Bxe4 $17 (23... Bb5 24. b4 a5 (
24... d6 25. Qb2 $13 dxc5 $2 26. Rd8+ $18 {[%cal Rd8g8,Rb2e5]}) 25. a3 d6 $13))
23... Qxc3 (23... Re8 $44) 24. Nxc3 Rxb2 $11 {Schwarz hat den Bauern zurück
gewonnen und eine ausgeglichene Stellung erreicht. Es ist interessant, dass
sich auf beiden Seiten viele schwache Bauern befinden..} 25. e5 {[%cal Gc4h4]
Endlich kann Weiß die vierte Reihe öffnen und den Ph4 angreifen.} Nh7 {[%cal
Gh7g5]} 26. Bd5 $1 {[%cal Gc4c8]} (26. Bxc6 Rxc6 27. Rxc6 dxc6 $15 {[%csl Gb2]
[%cal Gh7g5,Gg5e6]}) (26. Nd5 Re8 27. Rxh4 Rxe5 $15) 26... Ng5 27. Rf5 (27.
Rxh4 Bxd5 (27... Re8 28. Bxc6 dxc6 29. Ra4 $16) 28. Nxd5 Re8 $132 (28... Rcxc2
$4 29. Ne7+ Kf8 30. Ng6+ $18)) 27... Ne6 {[%csl Ge6][%mdl 256] Endlich findet
der schwarze Springer ein starkes Feld auf e6.} 28. Rxh4 Bxd5 (28... Rc7 $5 {
Die weiße Drohung war 29.Rfh5 mit Matt. oder Turmgewinn.}) 29. Nxd5 g5 (29...
Re8 30. Rfh5 f6 31. exf6 $16) 30. Ne7+ Kg7 31. Rxg5+ (31. Rh7+ Kxh7 32. Rxf7+
Kh6 33. Nxc8 Rxc2 $13) (31. Nxc8 gxh4 32. Nd6 Rxa2 $132) 31... Nxg5 32. Nxc8
Rxc2 {Auf diese Weise gewinnt Schwarz den Bauern zurück. Obwohl Weiß
anschließend wieder einen Bauern gewinnen kann, ist das wahrscheinlichste
Ergebnis ein Remis, da das Material bereits reduziert ist.} 33. Nd6 Rxa2 34.
Rg4 (34. Rf4 $5 a5 35. h4 Ne6 36. Rxf7+ Kg6 37. Rxd7 Nf4 $132) 34... Kh6 35. h4
(35. Rf4) 35... Ne6 36. Nxf7+ Kh5 {Schwarz hat einen aktiven König und einen
ernfernten Freibauern - das verschafft ihm ausreichend Gegenspiel.} 37. Rc4 a5
{[%csl Ga5]} 38. Nd6 a4 39. Kh2 a3 40. Nb5 (40. Ra4 Ra1 $11 (40... Nc5 41. Ra5
Nb3 42. Ra7 Kxh4 $11)) 40... Ra1 41. Ra4 a2 42. Nc3 Nc5 (42... Nc5 43. Rxa2
Rxa2 44. Nxa2 Kxh4 $11) 1/2-1/2

[Event "Asian Continental op 13th"]
[Site "Sharjah"]
[Date "2014.04.25"]
[Round "9"]
[White "Adhiban, Baskaran"]
[Black "Yu, Yangyi"]
[Result "1/2-1/2"]
[WhiteElo "2609"]
[BlackElo "2667"]
[Annotator "Sagar Shah"]
[PlyCount "66"]
[EventDate "2014.04.17"]
[EventType "swiss"]
[EventRounds "9"]
[EventCountry "UAE"]
[SourceTitle "CBM 160"]
[Source "ChessBase"]
[SourceDate "2014.05.15"]
[SourceVersion "1"]
[SourceVersionDate "2014.05.15"]
[SourceQuality "1"]

{The high intensity last round in which Yu as Black had a very comfortable
position out of the opening. He sacrificed a pawn with d5-d4 for compensation,
but it didn't prove enough and Adhiban was on top. The Indian then took a
practical decision of accepting a draw rather than going all out.} 1. e4 c5 2.
Nf3 e6 3. d4 cxd4 4. Nxd4 Nc6 5. Nc3 Qc7 6. Be3 a6 7. Be2 b5 8. Nxc6 Qxc6 9.
Bf3 Bb7 10. O-O Qc7 11. Re1 Bd6 12. g3 Ne7 13. Qd2 Rd8 14. Rad1 Be5 15. Bg2
Bxc3 16. bxc3 d5 17. Bf4 Qc8 18. e5 Rd7 19. h4 Rc7 20. Bg5 h6 21. Bxe7 Kxe7 22.
Re3 Rd8 23. Qd3 d4 $2 (23... Rc4 $1 $15) 24. cxd4 Bxg2 25. Kxg2 Rxc2 26. Qh7
Qc6+ 27. Rf3 Rc3 28. Rdd3 Rxd3 29. Qxd3 g6 30. Qe3 Rd7 31. Qxh6 Kd8 32. Qf8+
Kc7 33. g4 Qe4 1/2-1/2

[Event "Bundesliga 9596"]
[Site "Germany"]
[Date "1996.??.??"]
[Round "?.2"]
[White "Shirov, Alexei"]
[Black "Huebner, Robert"]
[Result "1/2-1/2"]
[WhiteElo "2690"]
[BlackElo "2635"]
[Annotator "Shirov,A"]
[PlyCount "85"]
[EventDate "1995.10.14"]
[EventType "team-tourn"]
[EventRounds "15"]
[EventCountry "GER"]
[SourceTitle "GER-chT"]
[Source "ChessBase"]
[SourceDate "1999.07.01"]
[SourceVersion "1"]
[SourceVersionDate "1999.07.01"]
[SourceQuality "1"]
[WhiteTeam "Empor Berlin"]
[BlackTeam "Porz"]
[WhiteTeamCountry "GER"]
[BlackTeamCountry "GER"]

1. e4 c5 2. Nf3 Nc6 3. d4 cxd4 4. Nxd4 Qc7 5. Nc3 e6 6. Be2 a6 7. Be3 Nf6 8.
O-O Bb4 9. Na4 Be7 10. c4 Nxe4 11. c5 O-O 12. Rc1 Rd8 $5 13. Qc2 (13. Bf3 Ng5
$15) 13... Nf6 14. Nb6 Rb8 15. Rfd1 d5 $1 16. cxd6 Bxd6 (16... Rxd6 $2 17. Bf4
Qxb6 18. Bxd6 Nxd4 19. Qxc8+ Rxc8 20. Rxc8+ Bd8 21. Rxd4 $18 {/\22.Bc5}) 17.
Bf3 $5 Nd5 (17... Bxh2+ $142 18. Kh1 Be5 19. Bxc6 Ng4 20. Nxc8 Bxd4 21. Qxh7+
Kxh7 22. Be4+ f5 23. Rxc7 Bxe3 24. Bxf5+ exf5 25. Rxd8 Bb6 $1 (25... Nxf2+ 26.
Kg1) 26. Nxb6 (26. Rxg7+ Kxg7 27. Rd7+ Kg6 28. Nxb6 Re8 29. g3 Re1+ 30. Kg2 Re2
) 26... Rxd8 27. Nd7 Re8 $1 (27... Nxf2+ 28. Kg1 Nd3 29. Rxb7 Nxb2 30. Rxb2
Rxd7 31. Rb6 Ra7 32. Kf2 $10) 28. g3 Nxf2+ 29. Kg2 (29. Kg1 Re2 30. Rxb7 Ne4 $1
$15) 29... Re2 30. Rxb7 Nd1+ 31. Kf1 Rxb2 $15) 18. Bxd5 exd5 19. Qa4 $4 (19.
Nxc6 bxc6 20. Nxd5 Bxh2+ 21. Kh1 Rxd5 (21... cxd5 22. Qxc7 Bxc7 23. Rxc7 $10)
22. Rxd5 cxd5 23. Qxc7 Bxc7 24. Rxc7 $10) 19... Bxh2+ $2 (19... Bg4 $1 20. Rd3
Bxh2+ 21. Kh1 Qe5 $1 22. Nxc6 Qh5 23. Ne7+ (23. Qxg4 Qxg4 24. Nxd8 Qh4 $19)
23... Kh8 24. f3 Bxf3 25. gxf3 Bf4+ 26. Kg2 Qh2+ 27. Kf1 Bxe3 $19) 20. Kh1 Be5
$2 (20... Bg4 $1 21. f3 $1 Be6 $1 (21... Bd7 22. Nxd7 Rxd7 23. Nxc6 bxc6 24.
Rxc6 $13) (21... Qe5 22. Nxc6 bxc6 23. Qxg4 Qxe3 24. Nd7 Qh6 25. Nxb8 Bf4+ 26.
Qh3 Bxc1 27. Qxh6 Bxh6 28. Nxc6 $10) (21... Qxb6 22. Nxc6 Qxe3 23. Nxd8 $13)
22. Bg5 $1 $15) 21. Nxc6 bxc6 22. Nxd5 Qb7 23. Qxc6 Kh8 $2 (23... h6 $1 24. Bf4
Qxc6 (24... Bxf4 $2 25. Nf6+ gxf6 26. Rxd8+ Kg7 27. Qe8 $18) (24... Be6 25.
Bxe5 Rxd5 $10) 25. Ne7+ Kh7 26. Nxc6 Bxf4 27. Nxb8 Re8 $1 $10) 24. Nb6 $1 (24.
Nf6 Rxd1+ 25. Rxd1 Qe7 26. Bc5 Bb7 27. Bxe7 Bxc6 28. Nd7 Bxd7 29. Rxd7 $10)
24... Rg8 $8 25. Nxc8 $2 (25. Qxb7 Bxb7 26. Nd7 Rbe8 27. Nxe5 Rxe5 28. Rc7 Rb5
(28... Bd5 29. Rc5 Rd8 30. b4 $18) 29. b3 $16) 25... Qxc8 26. Qxc8 Rgxc8 27.
Rxc8+ Rxc8 28. b4 $14 h6 29. Rd5 f6 30. Bc5 Rb8 31. g4 (31. g3 $5 $14) 31...
Bc3 $6 32. Rd3 Be1 33. Rb3 Rc8 34. Kg2 a5 35. a3 Bd2 36. Kf3 Bc1 37. Rd3 $1 (
37. Ke4 Bxa3 $3 38. Rxa3 axb4 39. Ra5 Rb8 $10) 37... Kg8 (37... Kh7 $142) 38.
Ke2 $2 (38. Bd6 $1 $16) 38... Kf7 39. Kd1 Bf4 40. Kc2 axb4 41. axb4 Ke6 $10 42.
Kb3 f5 43. f3 1/2-1/2

[Event "Belgrade Investbank"]
[Site "Belgrade"]
[Date "1995.??.??"]
[Round "1"]
[White "Shirov, Alexei"]
[Black "Miladinovic, Igor"]
[Result "1-0"]
[WhiteElo "2695"]
[BlackElo "2555"]
[Annotator "Shirov,A"]
[PlyCount "73"]
[EventDate "1995.11.??"]
[EventType "tourn"]
[EventRounds "11"]
[EventCountry "YUG"]
[EventCategory "17"]
[SourceTitle "CBM 051"]
[Source "ChessBase"]
[SourceDate "1996.04.01"]
[SourceVersion "1"]
[SourceVersionDate "1996.04.01"]
[SourceQuality "1"]

1. e4 {Ribli} c5 2. Nf3 Nc6 3. d4 cxd4 4. Nxd4 Qc7 5. Nc3 e6 6. Be2 a6 7. Be3
Nf6 8. O-O Bb4 9. Na4 Be7 10. c4 {Ribli: Natuerlich waehlt Shirov -einer der
besten Kombinatoren in der Welt- diese schaerfe Variante.} Nxe4 11. c5 O-O (
11... Nf6 $5 {Ribli} 12. Bf3 O-O 13. Rc1 Rb8 14. g3 g6 15. Nb6 Rd8 16. Qa4 e5
17. Nb3 d5 18. cxd6 Rxd6 19. Na5 Bh3 $13 {Korneev,O-Tunik,G/RUS-ch Elista/1995/
CBM50/}) 12. Rc1 f5 {Ribli: Dieser "aktive" Zug gefaellt mir nicht, weil er
nur die schwarzen Felden weiter schwaecht.} (12... Nf6 $5 {Ribli}) 13. f4 $146
(13. g3 f4 $5 14. Bxf4 Rxf4 15. gxf4 Qxf4 $44) 13... Rb8 (13... d5 $1 14. cxd6
Bxd6 15. Bd3 Nf6 16. Bc4 (16. Nb6 $6 Bxf4 17. Rxf4 Qxb6 18. Nxf5 Qxb2 19. Rf2
Qe5 20. Bf4 Qa5 21. Nd6 Ne5 $15) 16... Ng4 17. Nxf5 Nxe3 18. Qxd6 Qxd6 19. Nxd6
Nxf1 20. Bxf1 (20. Nb6 Ne3 21. Nxa8 Nxc4 22. Rxc4 e5 $15) 20... Rd8 21. Nb6
Rxd6 22. Nxa8 Bd7 $10) (13... Rd8 {Ribli} 14. Bf3 Nf6 15. a3 Kh8 16. b4 $44 {
Igudesman-Maksyutov,E/RUS-sf Kazan/1995/EXP49/}) 14. Bf3 $44 Bf6 15. Bxe4 {
Ribli: Weiss besitzt die Initiative fuer den geopferten Bauern, in einer
solchen Situation fuehlt sich Schirov wie ein Fisch im Wasser.} fxe4 16. Nxc6
bxc6 17. Rc4 Rd8 (17... Bxb2 18. Nxb2 Rxb2 19. Bd4 $40) 18. Rxe4 {Ribli:
Rueckeroberung des Bauern und Vorteil fuer Weiss, der ein sehr gutes
"Geschaeft" abgeschlossen hat.} d5 {Sonst hatte der Nachziehende keine Chance
von seiner passiven Stellung herauszukommen, aber jetzt wird seine
Bauernstruktur sehr schlecht aussehen.} 19. cxd6 Rxd6 (19... Qxd6 {Ribli:
Schwarz sollte den Damentausch versuchen.}) 20. Qe2 {>< e6} Bd7 {/\ 21...c5 22.
..Bb5} 21. b4 a5 22. a3 axb4 23. axb4 Be8 {Ribli: Schwarz opfert einen Bauern
seine Figuren zu aktivisieren.} 24. Bc5 Rd5 (24... Bg6 $5 25. Bxd6 Qxd6 26. Rd1
Qxd1+ 27. Qxd1 Bxe4 28. Qd6 Re8 29. Nb6 $14) (24... Rdd8 25. Rxe6 Bf7 26. Rxf6
$1 (26. Re4 Re8 $44) 26... gxf6 27. Qg4+ Kh8 28. Qh4 Bb3 29. Qxf6+ Qg7 30.
Qxg7+ Kxg7 31. Nc3 $14) 25. Rxe6 Bf7 26. Rxf6 $1 {Ribli: [#] Natuerlich laesst
Shirov eine solche Moeglichkeit nicht aus.} (26. Re3 Bd4 27. Bxd4 Rxd4 28. Nc5
Qd6 $132) 26... gxf6 27. Nc3 Rxc5 {Schwarz gibt die Qualitaet zurueck, aber
seine Situation bleibt weiterhin kritisch.} (27... Rf5 28. Qg4+ Bg6 29. Ne4 $44
) (27... Rh5 28. Ne4 Qd8 29. Qb2 Rh6 (29... Kg7 30. Nxf6 $1 Qxf6 31. Bd4 $18)
30. Bd4 Kg7 31. Rf3 $40) 28. bxc5 f5 {Ribli: Schwarz hat Angst vor Ne4, aber
jetzt hat er seine schwarzen Feldern - ><e5,g5- endgueltig geschwaecht.} (28...
Re8 $5 {Ribli}) 29. Rf3 Re8 (29... Ra8 30. h3 $16) 30. Re3 Ra8 (30... Rxe3 {
Ribli} 31. Qxe3 $18 {Ribli: Weiss steht auf Gewinn, weil er nicht nur einen
gesunden Mehrbauern hat, sondern sein Springer viel besser als der schwarze
Laeufer ist.}) 31. Qf3 $1 $16 Ra5 $6 32. Qg3+ Kf8 (32... Bg6 {Ribli} 33. h4 $18
) 33. Qh4 Rxc5 (33... Kg8 34. Qg5+ Bg6 35. h4 $18) (33... Qd7) 34. Qxh7 Qd6 (
34... Qxf4 35. Qh8+ Bg8 36. Qf6+ Bf7 37. Qe7+ $18) 35. Qh8+ Bg8 36. Rg3 Qe6 37.
Qg7+ 1-0